000 00489pab a2200169 454500
008 180718b2009 xxu||||| |||| 00| 0 eng d
100 _aGonzalez-Gomez, Francisco
245 _aA duration model for the estimation of the contracting out of urban water management in southern Spain
260 _c2009
300 _ap.886-906.
362 _aJul
650 _aWater resources management
700 _aGuardiola, Jorge
773 _aUrban Affairs Review
908 _aN
909 _a83164
999 _c83164
_d83164